Populous Countries (Asia) Quiz Stats

 Plays Quiz Updated Jan 20, 2021

Support Sporcle.
Go Orange.
Score 0/25 Timer 02:00
16 Plays Today
% Correct
China
97.8%
India
96.7%
Japan
95.5%
Indonesia
92.9%
South Korea
92.9%
Russia
92.7%
Pakistan
91%
Philippines
90.8%
Iran
90.4%
Thailand
90.3%
Bangladesh
89.1%
Vietnam
88.5%
Turkey
88.1%
% Correct
Malaysia
85.5%
Saudi Arabia
82%
Iraq
79.3%
Afghanistan
78.7%
North Korea
66.8%
Myanmar
64.6%
Taiwan
60.6%
Syria
50.1%
Sri Lanka
49.7%
Nepal
32.8%
Yemen
30.5%
Uzbekistan
30.4%

You're not logged in!

Compare scores with friends on all Sporcle quizzes.
OR
Log In

From the Vault

Name That Mullet

by posey4prez

It's Sporcle in front, party in the back.
Remove Ads.
Support Sporcle.
Get the best of Sporcle when you Go Orange. This ad-free experience offers more features, more stats, and more fun while also helping to support Sporcle. Thank you for becoming a member.

Show Comments

Extras

Top Quizzes Today


Score Distribution

Your Account Isn't Verified!

In order to create a playlist on Sporcle, you need to verify the email address you used during registration. Go to your Sporcle Settings to finish the process.

Report this User

Report this user for behavior that violates our Community Guidelines.

Details: